LEADER 00983cam0 22002773 450 001 SOB005489 005 20240910074159.0 010 $a8834893271 100 $a20040211d1999 |||||ita|0103 ba 101 $aita 102 $aIT 200 1 $a<>gestione di affari altrui$eIngerenze altruistiche, ingerenze egoistiche e restituzione del profitto$fPietro Sirena 210 $aTorino$cGiappichelli$d1999 215 $a500 p.$d24 cm 225 2 $aStudi di diritto privato$v10 410 1$1001LAEC00025017$12001 $a*Studi di diritto privato$v10 700 1$aSirena$b, Pietro$3AF00006145$4070$0269205 801 0$aIT$bUNISOB$c20240910$gRICA 850 $aUNISOB 852 $aUNISOB$j340|Coll|57|K$m106205 912 $aSOB005489 940 $aM 102 Monografia moderna SBN 941 $aM 957 $a340|Coll|57|K$b000010$gSI$d106205$racquisto$1carrano$2UNISOB$3UNISOB$420120621135313.0$520240910074141.0$6Alfano 996 $aGestione di affari altrui$9280461 997 $aUNISOB LEADER 01239nam0 22002891i 450 001 UON00191013 005 20231205103214.808 100 $a20030730d1969 |0itac50 ba 101 $aeng 102 $aGB 105 $a|||| 1|||| 200 1 $aColeridge on Shakespeare$ea selection of the essays notes and lectures of Samuel Taylor Coleridge on the poems and plays of Shakespeare$fedited and arranged by Terence Hawkes$gwith an introduction by Alfred Harbage 210 $aHarmondsworth$cPenguin$d1969 215 $a289 p.$d18 cm. 606 $aShakespeare William$3UONC038333$2FI 620 $aGB$dHarmondsworth$3UONL000315 676 $a820$cLetteratura inglese e antico inglese$v21 700 1$aCOLERIDGE$bSamuel Taylor$3UONV111877$0163475 702 1$aHARBAGE$bAlfred$3UONV169374 702 1$aHAWKES$bTerence$3UONV062563 712 $aPenguin Books$3UONV246450$4650 801 $aIT$bSOL$c20250704$gRICA 899 $aSIBA - SISTEMA BIBLIOTECARIO DI ATENEO$2UONSI 912 $aUON00191013 950 $aSIBA - SISTEMA BIBLIOTECARIO DI ATENEO$dSI Angl IV A COL 28 $eSI SI 5013 5 28 996 $aColeridge on Shakespeare$9530975 997 $aUNIOR